01414nam a2200361Ia 4500001001200000003000800012006001900020007001500039008004100054010001700095020001800112040002100130035002100151050002500172082001800197245010400215250001200319260007600331300002300407490005300430504005100483533015200534650002400686650002500710655002900735700002000764700002300784700001800807710001700825830006700842856012600909999001701035ebr10310596CaPaEBRm u cr cn|||||||||090507s2009 enka sb 001 0 eng d z 2009019213 z9780470987209 aCaPaEBRcCaPaEBR a(OCoLC)44188689914aRC537b.D4469 2009eb04a616.85/2722200aDepressive disordersh[electronic resource] /ceditors, Helen Herrman, Mario Maj, Norman Sartorius. a3rd ed. aChichester, West Sussex, UK ;aHoboken, NJ :bJohn Wiley & Sons,c2009. axx, 338 p. :bill.1 aWPA series evidence and experience in psychiatry aIncludes bibliographical references and index. aElectronic reproduction.bPalo Alto, Calif. :cebrary,d2009.nAvailable via World Wide Web.nAccess may be limited to ebrary affiliated libraries. 0aDepression, Mental. 0aAffective disorders. 7aElectronic books.2local1 aHerrman, Helen.1 aMaj, Mario,d1953-1 aSartorius, N.2 aebrary, Inc. 0aWPA series, evidence and experience in psychiatry (Unnumbered)40uhttp://site.ebrary.com/lib/rucke/Doc?id=10310596zAn electronic book accessible through the World Wide Web; click to view c62049d62049